| 000 | 00567nam a2200181Ii 4500 | ||
|---|---|---|---|
| 003 | JO-AjNU | ||
| 008 | 230605s9999||||xx |||||||||||||| ||und|| | ||
| 040 |
_aJO-AjNU _bara _erda _cJO-AjNU |
||
| 041 | _aara | ||
| 050 | 1 | 4 | _aLB1025.2.E2412 1968 |
| 100 | 3 |
_aإبل، كنيث, _eauthor _940537 |
|
| 245 | 0 | 0 | _aحرفة التعليم:مرشد لإتقان فن الأستاذ=The Craft Of Teaching |
| 300 | _a199ص | ||
| 336 |
_atext _btxt _2rdacontent |
||
| 337 |
_aunmediated _bn _2rdamedia |
||
| 338 |
_avolume _bnc _2rdacarrier |
||
| 650 | 4 |
_aالتعليم _940538 |
|
| 999 |
_aA17211 _c20779 _d20779 |
||